000 00643nam a2200205 i 4500
001 27560
003 ES-MaACL
005 20230906153639.0
007 t|
008 030115s1930 sp ||||1| spa d
100 1 _aAraquistáin, Luis,
_d1886-1959
_922345
245 1 3 _aEl ocaso de un régimen /
_cLuis Araquistáin.
260 _aMadrid :
_bEditorial España,
_c1930 (
_fImp. Galo Sèz)
300 _a274 p. ;
_c20 cm.
490 1 _aIdeas y Hechos Políticos
651 4 _aEspaña-
_xHistoria-
_y1923-1930, Dictadura.
_98281
830 0 _aIdeas y Hechos Políticos
_9227243
852 _aES-MaACL
_jB-3978
999 _c27560
_d27560